000
00249nam a2200109Ia 4500
008
190216s9999||||xx |||||||||||||| ||und||
100
_a
Glinka N
245
0
_a
Samanya Resathanthram
260
_b
Bhasha Institute
650
_a
Chemistry
942
_c
BK
999
_c
38305
_d
38305